NURSING RESEARSH (Record no. 2267)

MARC details
000 -LEADER
fixed length control field 00333nam a2200145Ia 4500
008 - FIXED-LENGTH DATA ELEMENTS--GENERAL INFORMATION
fixed length control field 150201s2008 xx 000 0 und d
082 ## - DEWEY DECIMAL CLASSIFICATION NUMBER
Classification number 610.72
Item number N08P
100 ## - MAIN ENTRY--PERSONAL NAME
Personal name POLET, DENISE
245 ## - TITLE STATEMENT
Title NURSING RESEARSH
250 ## - EDITION STATEMENT
Edition statement 8TH
260 ## - PUBLICATION, DISTRIBUTION, ETC. (IMPRINT)
Name of publisher, distributor, etc. WOLTER KLUWER
Place of publication, distribution, etc. INDIA
Date of publication, distribution, etc. 2008
300 ## - PHYSICAL DESCRIPTION
Extent 796
650 ## - SUBJECT ADDED ENTRY--TOPICAL TERM
Topical term or geographic name as entry element RESEARCH
942 ## - ADDED ENTRY ELEMENTS (KOHA)
Source of classification or shelving scheme Dewey Decimal Classification
Koha item type Books
Koha issues (borrowed), all copies 4
Holdings
Withdrawn status Lost status Source of classification or shelving scheme Damaged status Not for loan Collection code Home library Current library Shelving location Date acquired Source of acquisition Cost, normal purchase price SGTU Bill Number Total Checkouts Full call number Barcode Date last seen Date last checked out Bill Date Koha item type
    Dewey Decimal Classification     NURSING SGT Medical Library SGT Medical Library Text Book 06/07/2014 ABC DELHI 595.00 SGTU 4669 2 610.72 N08P FN1756 27/10/2025 08/10/2025 06/07/2014 Books
    Dewey Decimal Classification     NURSING SGT Medical Library SGT Medical Library Text Book 06/07/2014 ABC DELHI 595.00 SGTU 4669 3 610.72 N08P FN1757 22/01/2026 22/12/2025 06/07/2014 Books
    Dewey Decimal Classification     NURSING SGT Medical Library SGT Medical Library Text Book 06/07/2014 ABC DELHI 595.00 SGTU 4669 3 610.72 N08P FN1758 20/01/2026 07/01/2026 06/07/2014 Books
    Dewey Decimal Classification     NURSING SGT Medical Library SGT Medical Library Text Book 06/07/2014 ABC DELHI 595.00 SGTU 4669   610.72 N08P FN1759 09/02/2015   06/07/2014 Books
    Dewey Decimal Classification     NURSING SGT Medical Library SGT Medical Library Text Book 06/07/2014 ABC DELHI 595.00 SGTU 4669   610.72 N08P FN1760 09/02/2015   06/07/2014 Books